[Event "North Sea Cup 16th"]
[Site "Esbjerg"]
[Date "2001.07.12"]
[Round "7"]
[White "Rustemov, Alexander"]
[Black "McShane, Luke J"]
[Result "0-1"]
[WhiteElo "2607"]
[BlackElo "2511"]
[Annotator "Stohl,I"]
[PlyCount "176"]
[EventDate "2001.07.06"]
[EventType "tourn"]
[EventRounds "9"]
[EventCountry "DEN"]
[EventCategory "14"]
[SourceTitle "CBM 085"]
[Source "ChessBase"]
[SourceDate "2001.11.13"]
[SourceVersion "1"]
[SourceVersionDate "2001.11.13"]
[SourceQuality "1"]

1. d4 g6 2. c4 Bg7 3. Nf3 d6 4. Nc3 Nf6 5. g3 O-O 6. Bg2 Nc6 7. O-O Rb8 8. e3
a6 9. Qe2 $5 {White is having a hard time getting anything out of the opening
in the Yugoslav variation, or with other alternatives on move 8. Rustemov
comes up with a less tested setup.} e6 $6 {This passive move certainly isn't
the best.} ({Consistent is} 9... b5 {but after} 10. Rd1 {Black still has some
problems to prove equality:} (10. cxb5 $6 axb5 11. Nxb5 Ba6 12. a4 Na7 $11)
10... Re8 (10... Bb7 11. b3 Qc8 12. Bb2 bxc4 13. bxc4 Na5 14. Ba3 Qe6 15. d5
Qg4 16. e4 c5 17. Rab1 Ba8 18. h3 Qc8 19. Rxb8 Qxb8 20. Rb1 Qc7 21. Bf1 Nd7 22.
Qc2 Rb8 23. Nd2 Nb7 24. Nd1 Nd8 25. Rxb8 Nxb8 26. Qa4 Kf8 27. Nb3 Bb7 28. Bc1
Bc8 29. Bd2 $16 {(),Sturua,Z-Jenni,F/Biel op/2000/ with a typical "Yugoslav"
position-Black has no space and his Nd8 no perspectives.}) (10... b4 11. Nd5
Nd7 12. a3 $1 (12. b3 e6 13. Nf4 e5 14. dxe5 dxe5 15. Nd5 Ne7 16. Bb2 c6 17.
Nxe7+ Qxe7 18. Nd2 Bb7 19. Ne4 Rfd8 20. Rd2 Nf6 21. Nxf6+ Bxf6 22. Rad1 Qe6 23.
c5 $14 {Kharitonov,A-Kuzmin,A/Podolsk/1989/}) 12... bxa3 13. Rxa3 e6 14. Nc3
Nb4 15. e4 e5 16. dxe5 dxe5 17. Nd5 c5 18. Bh3 Nc6 19. Bxd7 Qxd7 $5 20. Nf6+
Bxf6 21. Rxd7 Bxd7 22. Rxa6 Bg7 23. Kg2 Rfe8 24. Qd1 Nd4 25. Nxd4 exd4 26. f3
$14 {Vaulin,A-Motylev,A/Bydgoszcz/1999/}) (10... Na5 11. cxb5 axb5 12. b4 Nc4
13. Nxb5 d5 14. Na3 Rxb4 15. Nxc4 Rxc4 16. Ne5 Ra4 17. Qc2 Ra6 18. Bd2 Qd6 19.
Rdc1 Bf5 20. Qxc7 Rfa8 21. Qxd6 exd6 22. Nc6 Rxa2 23. Rxa2 Rxa2 24. Ne7+ Kf8
25. Nxf5 gxf5 26. Be1 $16 {[%csl Rd5,Rd6,Ge1,Rf5,Rf7,Gg2,Rh7] ^^,ק,Kharitonov,
A-Zudov,M/Leningrad/1991/}) (10... e6 11. Nd2 Ne7 12. a3 Qe8 13. Rb1 Bb7 14.
Bxb7 Rxb7 15. b4 c6 (15... d5 16. cxd5 exd5 17. Nb3 Nc8 18. Nc5 Ra7 19. a4 Nd6
20. Ra1 Ra8 21. axb5 Nxb5 22. Bd2 $16 {Malaniuk,V-Loskutov,O/St Petersburg/
2000/}) 16. e4 d5 17. e5 Nd7 18. c5 Nf5 19. Nf3 $14 {1/2,Malaniuk,V-Fedorov,A/
Samara/1998/}) 11. b3 (11. Ne5 $5 $36) 11... bxc4 12. Qxc4 Nb4 13. Qe2 a5 14.
Ne1 c5 $1 15. dxc5 Nd7 16. Bb2 Nxc5 17. Nd5 Bxb2 18. Qxb2 Bb7 19. e4 e5 $1 20.
Nxb4 axb4 $11 {/=/+,Izoria,Z-Fedorov,A/EU-ch Ohrid/2001/}) (9... Nd7 10. Rd1 b5
11. Ne1 Na7 12. c5 b4 13. Na4 Qe8 14. cxd6 cxd6 15. a3 e5 16. dxe5 Nxe5 17.
axb4 Bg4 18. f3 Be6 19. Nc3 Bc4 20. Qd2 Nb5 21. Nc2 Rc8 22. Nxb5 axb5 23. Ra3
Be6 24. Qf2 Nc4 25. Rad3 Bxb2 26. Nd4 $14 {Fridman,D-Adianto,U/FIDE WCh Las
Vegas/1999/}) ({Other plans deserveing attention are} 9... e5 10. d5 Ne7 11. e4
Ne8 12. Ne1 b5 13. a3 c6 14. Nc2 Nc7 15. Rd1 bxc4 16. Qxc4 cxd5 17. exd5 a5 18.
Qa4 Na6 19. b4 Bg4 20. f3 Bd7 21. Qb3 axb4 22. axb4 Nxb4 23. Nxb4 Qb6+ 24. Kh1
Qxb4 25. Qxb4 Rxb4 26. Ne4 Nc8 27. Ba3 Ra4 28. Bxd6 Nxd6 29. Nxd6 e4 30. Rxa4
Bxa4 31. Re1 {1/2,Rustemov,A-Markowski,T/Polanica Zdroj/ 1999/}) (9... Bd7 10.
Rd1 Qc8 11. d5 Nd8 12. e4 e5 13. dxe6 (13. c5 $1 $14) 13... Nxe6 14. e5 dxe5
15. Nxe5 Re8 16. Be3 Nf8 17. Nxd7 N6xd7 18. Qc2 Ne5 19. Nd5 c6 20. Nf4 Qc7 21.
h3 Ned7 22. Re1 Re7 23. Bd2 Rbe8 $11 {Kharitonov,A-Markowski,T/Koszalin/1998/})
10. b3 Nd7 11. Bb2 Ne7 {Still in the same note as Black's 9-th move. McShane
opts for a "Hippo" (Nilpferd) setup, but this is rarely good.} ({Even now
Black could have played the more active} 11... b5 12. d5 $5 (12. Nd2 $14) 12...
Na7 13. Nd4 b4 14. Na4 $14) 12. Rfd1 h6 13. e4 b6 14. Rac1 $16 Bb7 15. d5 ({
Why hurry so much to fix the P structure? White could have continued to biuld
up quietly with} 15. b4 $5 {() His space advanatge would allow him to choose
even later on the flank, where he would start his action-even a timely e5 may
be possible at a suitable moment.}) 15... e5 {[%mdl 16] Now a typical King's
Indian pawn structure arises, in the following clash Black makes most of his
chances.} 16. b4 f5 17. Ba3 (17. a4 Nf6 18. Ba3 {would have saved tempi
compared with the later course of the game.}) 17... Nf6 18. exf5 gxf5 19. Nh4
Bc8 20. Bb2 $6 (20. c5 b5 21. Bb2 $14) 20... Qe8 21. a4 (21. f4 $142 e4 (21...
exf4 22. Re1 $40) 22. Bh3 {[%cal Yh4g2,Yg2e3] /\Ng2-e3+/=}) 21... Ng6 22. Nxg6
Qxg6 23. c5 bxc5 24. bxc5 f4 $1 $132 {White has achieved little on the <<,
while Black has got his typical >><=> going.} 25. cxd6 cxd6 26. Ba3 ({The
positional} 26. Ne4 $2 {fails to} Nxe4 27. Bxe4 Rxb2 $1 $19) 26... Rd8 27. Rb1
(27. Ne4 $5 Bg4 (27... fxg3 28. hxg3 Bg4 29. Nxf6+ Bxf6 30. Qd3 $1 $14) (27...
Nxe4 28. Bxe4 $36) 28. Nxf6+ (28. f3 Qxe4 29. Qxe4 Nxe4 30. fxg4 Rb3 $132)
28... Bxf6 29. f3 (29. Qd3 Qxd3 30. Rxd3 f3 31. Bxf3 Bf5 32. Re3 Bg5 33. Rc6
Bh3 $1 $40) 29... Bc8 30. Rc6 Rb1 $1 $13) 27... Rxb1 28. Rxb1 Bf5 29. Rb4 $6 {
A strange square for the R.} (29. Rb6 Bd3 30. Qe1 Bf8 $13) 29... Bd3 30. Qb2 $2
({White must pay attention to the [+],} 30. Qe1 $8 $15 {was necessary.}) 30...
Qf5 $6 (30... e4 $142 $1 31. Rb8 (31. gxf4 Nh5 $40) 31... Rxb8 32. Qxb8+ Kh7 $5
(32... Ne8 33. Bb2 f3 34. Bh3 $132) 33. Qxd6 f3 34. Bh3 (34. Bf1 Bxf1 35. Kxf1
e3 $19) (34. Bh1 Qg5 $19) 34... e3 35. fxe3 Qh5 $1 36. Qe6 f2+ 37. Kxf2 Ne4+ $1
$19 38. Nxe4 Qe2+ 39. Kg1 Qe1+ 40. Kg2 Qf1#) 31. h3 (31. gxf4 exf4 32. Rb8 Rxb8
33. Qxb8+ Kh7 {[%cal Rf4f3] /\f3-+}) 31... e4 $1 (31... f3 $6 32. g4 Qg6 33.
Bxf3 e4 34. Bg2 $14 {/\} Nxd5 $2 35. Rb8 Qe8 36. Rxd8 Qxd8 37. Qb3 $18) 32.
gxf4 Nh5 33. Rb7 (33. Rb8 Rxb8 34. Qxb8+ Kh7 35. Qb4 a5 $1 36. Qxa5 (36. Qxe4
Bxc3 37. Qxf5+ Bxf5 38. Bxd6 Bd2 $19) 36... Nxf4 $17) 33... Bd4 (33... Nxf4 $1
34. Rxg7+ Kxg7 35. Nxe4+ Kg6 $17) 34. Rb8 Qf6 35. Nxe4 {In an uncomfortable
position White panics and sacrifices a piece.} (35. Rxd8+ $142 Qxd8 36. Qd2 Qf6
37. Nxe4 (37. Ne2 Ba7 $36) 37... Bxe4 38. Bxe4 Nxf4 $40) 35... Bxb2 36. Nxf6+
Bxf6 37. Bxd6 Rxb8 38. Bxb8 Kf7 39. Bf3 Ng7 $17 {[%csl Rd5,Rf2,Rf4] /-+
Although White has 3P for the N, they are doubled and isolated. White can't
exchange Black's Pa6, which will eventually decide the game.} 40. Be5 Nf5 41.
Bh5+ Ke7 42. Bg6 Bh4 43. a5 $6 (43. Kg2 Kd7 44. Bf7 Be4+ 45. Kf1 Bd8 46. Be6+
Ke7 47. Ke2 Bb6 $17) 43... Kd7 {[%csl Ra5] ><a5} 44. Bg7 Bd8 45. Bxh6 Bxa5 46.
Bf8 (46. Bg5 Bc3 $19 {[%csl Ga6] o^a}) 46... Bd8 $1 (46... Bc3 47. h4 a5 48. h5
$132) 47. Ba3 a5 {[%cal Ra5a4,Rd8e7] /\a4,Be7} 48. d6 Bf6 49. Kh2 Bc2 $22 50.
Bf7 (50. Kg1 Nd4 $19 (50... Bc3 51. h4 Bd2 $19)) 50... Nxd6 $19 51. Ba2 a4 52.
Kg3 Bb3 53. Bb1 Nc4 {White could have already resigned, but continues on to
the bitter end.} 54. Bf5+ Kd8 55. Bb4 a3 56. Bxa3 Nxa3 57. h4 Ke7 58. h5 Bg7
59. Kg4 Kf6 60. Bd3 Bh6 61. Kf3 Nc4 62. Kg4 Bd1+ 63. Kg3 Nd6 64. f3 Nf5+ 65.
Kg4 Nd4 66. Be4 Ne6 67. f5 Nf4 68. Bb1 Bb3 69. Be4 Bf7 70. Kg3 Bxh5 71. Kf2 Be8
72. Kg3 Bd7 73. Kg4 Ne2 74. Kh5 Be3 75. Kg4 Nd4 76. Kg3 Nxf5+ 77. Kg2 Ke5 78.
Bb7 Kf4 79. Kf1 Bb5+ 80. Kg2 (80. Ke1 Nd4 {and mate in 18 moves, now it will
be even faster.}) 80... Nh4+ 81. Kh3 Bf2 82. Kh2 Bf1 83. Bc6 Nf5 84. Bb7 Nd4
85. Ba8 Ne2 86. Bc6 Bg1+ 87. Kh1 Kg3 88. f4 Kf2 {[%cal Re2g3] /\Ng3#} 0-1

[Event "Moscow Aeroflot op-A"]
[Site "Moscow"]
[Date "2004.02.21"]
[Round "5"]
[White "Bocharov, Dmitry"]
[Black "Bologan, Viktor"]
[Result "1/2-1/2"]
[WhiteElo "2565"]
[BlackElo "2679"]
[Annotator "Stohl,I"]
[PlyCount "93"]
[EventDate "2004.02.17"]
[EventType "swiss"]
[EventRounds "9"]
[EventCountry "RUS"]
[SourceTitle "CBM 100"]
[Source "ChessBase"]
[SourceDate "2004.06.01"]
[SourceVersion "1"]
[SourceVersionDate "2004.06.01"]
[SourceQuality "1"]

1. d4 Nf6 2. Nf3 g6 3. c4 Bg7 4. g3 O-O 5. Bg2 d6 6. O-O Nc6 7. Nc3 a6 8. h3
Bd7 9. e4 e5 10. dxe5 dxe5 11. Be3 Be6 12. Qa4 ({Bologan was certainly ready
to improve upon his recent game:} 12. b3 Qxd1 (12... h6 13. Qc1 Qc8 14. Kh2 g5
$6 (14... Kh7 $142) 15. Ne1 Qd8 16. Qd1 Nd4 17. Nd3 Nh7 (17... Nd7 $5 $14) 18.
Qd2 c6 19. Rad1 Qa5 20. Na4 Qxd2 21. Rxd2 b5 22. Nb6 Rab8 23. c5 Rfd8 24. Nxe5
Bxe5 25. Rfd1 $16 {/+-,Nikolic,P-Bologan,V/Selfoss/2003/}) 13. Rfxd1 Rfd8 14.
Ng5 (14. Nd5 Ne8 15. c5 Rd7 16. Rd2 Rad8 17. Rad1 Nd4 $1 $132) 14... Nd4 15.
Nxe6 fxe6 16. Rd2 {Ilincic,Z-Socko,B/Beograd/1999/} Bf8 $1 $11 {Socko}) 12...
Qc8 (12... Qd3 $2 13. Nd5 b5 14. Qd1 bxc4 15. Nxc7 Rac8 16. Nxe6 fxe6 17. Qa4
Qe2 18. Rfe1 Qxb2 19. Rab1 Qc3 20. Rec1 Qd3 21. Bf1 Qxe4 22. Ng5 Qf5 23. Bxc4
Nd5 24. g4 Qf6 25. Bxd5 exd5 26. Rb6 d4 27. Rcxc6 {1-0,Tukmakov,V-Smirin,I/
CRO-chT Pula/2001/}) 13. Kh2 Rd8 $146 {[%mdl 8]} (13... h6 $142 $5 14. Rfd1 (
14. Rac1 g5 15. Nd2 g4 16. h4 Nd7 17. Nd5 Qb8 18. f4 gxf3 19. Nxf3 Bg4 20. Bh3
Bxh3 21. Kxh3 Re8 22. Nh2 Qc8 $132 {Iljin,A-Inarkiev,E/RUS-ch Krasnoyarsk/2003/
}) 14... Kh7 15. c5 Rd8 16. Bf1 Rxd1 17. Rxd1 Qe8 18. b4 Rd8 19. Rxd8 Qxd8 20.
b5 axb5 21. Bxb5 Bd7 22. Nd5 Be8 23. Nc3 Bd7 24. Qd1 Qe8 25. Bf1 Be6 26. Nb5
Qe7 27. Qa4 Qd8 28. Bc4 Bxc4 29. Qxc4 Qd7 30. Kg2 $11 {/+/=,Vaganian,R-Lanka,Z/
Bundesliga 9900/1999/ Black held the game after careful defence, in our game
we'll get the same structure, but with a pair of R on the board.}) (13... Re8
$143 14. Rfd1 h6 15. c5 Nd7 16. Rac1 Na7 $6 17. Bf1 c6 18. Bc4 Bxc4 19. Qxc4
Qc7 20. Na4 Rad8 21. Nb6 Nf8 22. Qb3 Ne6 23. Nc4 Nc8 24. Kg2 Nd4 25. Bxd4 exd4
26. e5 $16 {Nogueiras,J-Mista,A/Cappelle la Grande op/2002/}) 14. Rfd1 Rxd1 (
14... Bd7 15. Qc2 $14) (14... Rd7 $5 {/\} 15. Ng5 Rxd1 16. Rxd1 Bd7 $132) (
14... h6 {is similar to Vaganian-Lanka, but here White has} 15. Rxd8+ Qxd8 16.
Rd1 $14 {, and depending on the Q-move White playes either c5, or Nd5}) 15.
Rxd1 h6 (15... Qf8 16. Nd5 $1 $36) 16. c5 Qf8 17. Nd5 Ne8 18. b4 {()} Rd8 19.
b5 $1 $14 axb5 20. Qxb5 Bc8 21. Qc4 Nb8 22. Qc1 Kh7 (22... c6 $2 23. Nb6 Rxd1
24. Qxd1 Be6 25. Qd8 $16) 23. Rd2 Na6 (23... Nc6 $14) (23... f5 $5 $14) 24. c6
$5 (24. Qc3 $14) 24... Nd6 $6 {Black strives for activity, but overlooks a
tactical trick.} (24... bxc6 25. Qxc6 Rd6 26. Qc3 $36 {[%csl Ga2] o^a2}) (24...
f5 $142 $5) 25. cxb7 $2 {White overlooks it as well and squanders most of his
edge.} (25. Nxc7 $1 Nxc7 (25... Nxe4 26. Rxd8 Qxd8 27. Nxa6 bxa6 28. Nxe5 $18)
26. cxb7 Bxb7 27. Qxc7 Bxe4 28. Bb6 $5 (28. Bc5 Rc8 29. Qa7 Nb5 30. Bxf8 Nxa7
31. Bxg7 Kxg7 32. Nxe5 $16) 28... Bf6 29. Nxe5 $16) 25... Bxb7 26. Rb2 (26.
Nxc7 $2 Rc8 27. Bb6 (27. Qa3 Nxe4 $19) 27... Nxe4 $17) (26. Ne1 $5 f5 $132)
26... Bxd5 27. exd5 Nf5 (27... e4 $143 28. Nd4 $14 Nf5 $2 29. Nxf5 gxf5 (29...
Bxb2 $2 30. Qxb2 gxf5 31. Qf6 $18) 30. Rb5 $16) 28. Rb5 (28. Nd2 $5 {/\} e4 29.
Nxe4 Nxe3 30. fxe3 Bxb2 31. Qxb2 $44) 28... e4 29. Ng1 $1 (29. Nd2 Nxe3 30.
fxe3 f5 $15 {[%csl Rg3] ><g3}) 29... Qe8 (29... Qe7 30. Ra5 Nb8 31. Ra4 $1 Nxe3
32. Rxe4 $14) 30. a4 (30. Ra5 Nb8 (30... Nb4 31. Qc4 $1 Nxe3 32. fxe3 $14) 31.
Qxc7 Nxe3 32. fxe3 Be5 $44) 30... Nd4 (30... Nxe3 $5 31. Qxe3 f5 $11 {/~~
leads to a slightly better version of the game position.}) 31. Bxd4 Bxd4 32.
Qf4 f5 33. Ne2 Be5 34. Qe3 Rb8 (34... Qe7 $5) 35. Nd4 (35. Rxb8 Qxb8 $5 36. f3
Qb6 37. Qxb6 cxb6 38. fxe4 Nc5 $11) 35... Rxb5 (35... Bxd4 36. Rxb8 (36. Qxd4
Rxb5 37. axb5 Qxb5 38. Qf6 Qb6 39. Qf7+ Kh8 $11) 36... Qxb8 37. Qxd4 $36 {_|_})
36. Nxb5 Qe7 37. Bf1 Nc5 {Black should look for <=> ASAP, before White fully
coordinates his forces to support his potentially dangerous o^.} ({In this
sense deserving attention was} 37... Qb4 $5 38. Qa7 Qxa4 $5 (38... Qd2 $132)
39. d6 (39. Nxc7 Qd7 $1 $11) 39... Qc2 $13 {/\} 40. d7 $2 Nc5 $1 41. d8=Q Qxf2+
42. Kh1 Qxf1+ 43. Kh2 Qf2+ 44. Kh1 Qf3+ 45. Kg1 Qxg3+ 46. Kf1 Qxh3+ $19) (37...
Qc5 38. Qxc5 Nxc5 39. a5 $16) 38. a5 $36 h5 39. Kg2 h4 40. Na7 Qd6 41. Nc6 Bf6
(41... Qxd5 42. Nxe5 Qxe5 43. a6 $44 {[%csl Ga6] o^a6}) 42. Qf4 (42. Bc4 $142
$1 $36) 42... Qxd5 43. Qxc7+ Kh6 $132 44. Nb4 (44. Ne7 $6 Bxe7 45. Qxe7 e3+ 46.
f3 Qd2+ 47. Kh1 hxg3 48. Qh4+ $11) 44... Qd4 45. Nc6 (45. a6 Qxb4 (45... Nd3 $5
46. Nxd3 exd3 47. a7 hxg3 $11) 46. a7 Qa3 47. Be2 Ne6 48. Qb8 Nc7 $1 49. Qxc7
Bd4 50. Qf4+ Kg7 $11) 45... Qd5 46. Nb4 Qd4 47. Nc6 1/2-1/2

[Event "Dos Hermanas"]
[Site "Dos Hermanas"]
[Date "1997.04.05"]
[Round "4"]
[White "Karpov, Anatoly"]
[Black "Shirov, Alexei"]
[Result "1-0"]
[WhiteElo "2760"]
[BlackElo "2690"]
[Annotator "Stohl,I"]
[PlyCount "63"]
[EventDate "1997.04.01"]
[EventType "tourn"]
[EventRounds "9"]
[EventCountry "ESP"]
[EventCategory "19"]
[SourceTitle "CBM 059"]
[Source "ChessBase"]
[SourceDate "1997.08.01"]
[SourceVersion "1"]
[SourceVersionDate "1997.08.01"]
[SourceQuality "1"]

1. d4 {Huzman} Nf6 2. c4 g6 3. g3 Bg7 4. Bg2 O-O 5. Nc3 d6 6. Nf3 Nc6 7. O-O a6
8. Re1 $5 {One of the least played moves against the Panno variation. But it
has already occurred in Karpov's games and is typical for his style: White
first does some prophylaxis against Black's counterplay, later he proceeds
with his own plans, like central expansion.} Rb8 {By far the most usual
reaction. But after White's rather passive 8-th move maybe Black should shift
his sights to the center:} (8... e5 $5 9. d5 Ne7 10. c5 Nh5 11. cxd6 cxd6 12.
e4 h6 13. Nh4 Bd7 14. Be3 Qe8 15. Bf3 Nf6 16. g4 Nh7 17. Qd2 Bf6 18. Ng2 Ng5 (
18... Bg5 19. h4 Bxe3 20. Nxe3 Rc8 21. Ne2 Rc5 22. Rac1 Rxc1 23. Rxc1 Qb8 24.
Qb4 Nf6 25. Kg2 Rc8 26. Nc4 $14 {Chochol,L-Divis,J/CZE-ch/1994/}) 19. Bd1 Nh3+
20. Kh1 Bg5 21. f4 exf4 22. Nxf4 Nxf4 23. Bxf4 f6 24. Qf2 Qb8 25. Bg3 f5 26.
exf5 gxf5 27. h4 fxg4 28. Qh2 Bf6 29. Bxd6 Qa7 30. Bb3 Nf5 $1 $36 {Chochol,
L-Oral,T/CZE-ch/1994/}) (8... Bg4 9. h3 Bxf3 10. Bxf3 Nd7 11. e3 e5 12. d5 Na5
13. Be2 b6 14. b4 (14. e4 $5 $14) 14... Nb7 15. Bb2 f5 16. f4 g5 17. Bf1 Kh8
18. Qf3 Rg8 19. Kh2 $13 {1/2,Leer Salvesen,B-Walton,J/EUchJ-U16 Szombathely/
1993/}) (8... Na5 9. Qd3 c5 10. b3 Nd7 11. Rb1 Rb8 12. Bb2 Nc6 13. dxc5 Nxc5
14. Qd2 b5 15. cxb5 axb5 16. e3 b4 17. Nd5 Bxb2 18. Rxb2 Ba6 19. Rd1 Qd7 20.
Nd4 Nxd4 21. exd4 $36 {Gehrig,P-Heuer,B/Zuerich op2/1990/}) 9. Rb1 {The
logical follow-up.} (9. Bg5 $143 b5 10. d5 Na7 11. Be3 c5 12. dxc6 Nxc6 13.
cxb5 axb5 14. Nd4 Nxd4 15. Bxd4 Bb7 $6 (15... b4 $11) 16. e4 e5 17. Ba7 Ra8 18.
Be3 b4 19. Nd5 Nxd5 20. exd5 f5 21. Qb3 Qa5 22. Bd2 e4 23. Bxb4 Qxd5 24. Bxd6
Qxb3 25. axb3 Rxa1 26. Rxa1 Rd8 27. Bf4 Bxb2 28. Rb1 Bf6 29. Bf1 $14 {[%csl
Gb3] o^b_|_,Sprecic,M-Petrovic,V/Pula op/1990/}) 9... b5 (9... Bf5 10. e4 Bg4
11. Be3 Nd7 12. Ne2 e5 (12... Na5 $5 13. b3 c5 14. d5 Bxf3 15. Bxf3 b5 $132)
13. d5 Ne7 14. Qd2 Bxf3 15. Bxf3 f5 16. Bg2 Nf6 17. Bg5 Qd7 18. Nc3 f4 19. gxf4
h6 20. Bxf6 Bxf6 21. fxe5 Bxe5 22. Qxh6 Qg4 23. Ne2 Rf7 24. h3 Qd7 25. Qg5 Rbf8
26. Rf1 Qa4 27. f4 Qxc4 28. Qg4 Bg7 29. b3 Qc5+ 30. Kh1 Qa3 31. Rbc1 $16 {
Karpov,A-Shirov,A/Monaco rapid/1997/}) (9... e5 10. dxe5 dxe5 $6 (10... Nxe5 $5
$11) 11. Bg5 Be6 12. Qa4 h6 13. Red1 Bd7 14. Bxf6 Bxf6 15. Bh3 b5 16. cxb5 Nd4
17. Bxd7 Qxd7 18. Nxd4 exd4 19. bxa6 Qe6 20. a7 Ra8 21. Nb5 Qb6 22. Qc4 Rfc8
23. a4 c6 24. Nxd4 Rxa7 25. b3 Kg7 26. e3 $18 {Thorstensen,T-Elsness,F/Namses
op 1995/1-0 (68)}) (9... Na5 10. Qa4 $1 c5 11. dxc5 Bd7 12. Qc2 dxc5 13. Bf4
Rc8 14. Ne5 Be6 15. Rbd1 Qe8 16. Nd5 Bxd5 17. cxd5 Nh5 18. Bh3 Nxf4 19. gxf4 e6
20. dxe6 fxe6 21. Rd6 Rf6 22. Red1 Kh8 23. Qe4 $16 {Karpov,A-Smirin,I/EU-ch
act Cap d`Agde/1996/}) 10. cxb5 axb5 11. b4 e6 {Black wants to build a solid,
if somewhat passive position in the center.Active attempts may easily backfire,
as practice shows.} (11... Bf5 12. e4 Bg4 (12... Nxe4 {Huzman Ivanchuk} 13.
Rxe4 d5 14. Ne5 Nxe5 15. Rxe5 Bxe5 16. dxe5 Bxb1 17. Nxb1 c6 $13 {[%cal Gd8c7,
Gf7f6]}) 13. h3 Bxf3 14. Bxf3 e5 15. d5 Nd4 16. Be3 Nd7 (16... Nxf3+ 17. Qxf3
$14 {[%csl Rb5,Rc7]}) 17. Bg2 Qf6 18. Rc1 Rb7 19. h4 h6 20. f4 Ra8 21. Bxd4
exd4 22. e5 dxe5 23. d6 dxc3 24. Bxb7 Rxa2 25. Qd5 $1 $18 {Ivanchuk,V-Shirov,A/
Monaco rapid/1995/} Rd2 26. dxc7 Qb6+ 27. Qc5 $1) (11... Nd7 12. e4 Na7 13. Qb3
(13. Bf4 $5 Nb6 14. Qc1 $14) 13... Nb6 14. a4 bxa4 15. Nxa4 Nxa4 16. Qxa4 Nb5
17. Bb2 Bg4 18. Red1 Qd7 19. e5 d5 20. Rdc1 Bxf3 21. Bxf3 Ra8 22. Qb3 e6 23.
Rc5 Rfb8 24. Rbc1 Bh6 25. R1c2 Ra6 26. Be2 c6 $11 {Gatej,D-Srebrnic,V/Nova
Gorica/1996/}) (11... e5 12. dxe5 dxe5 13. Be3 Bf5 14. Rc1 Qxd1 15. Rexd1 Rfd8
16. Rxd8+ Rxd8 17. a3 Bd7 {Goetz,A-Held,M/BAY-chT2N/1994/} 18. Nxb5 $16) (11...
Bd7 12. e4 e5 13. dxe5 Nxe5 14. Nxe5 dxe5 15. Qc2 Qe7 16. Bg5 Rfc8 17. Nd5 Qe6
18. Bxf6 Bxf6 19. Bh3 Qxh3 20. Nxf6+ Kg7 21. Nxd7 Qxd7 22. Red1 Qe6 23. Rd5 c6
24. Rc5 Ra8 25. Rb3 Ra6 26. a3 Rd8 27. Rd3 Rxd3 28. Qxd3 f6 29. Kg2 Ra7 30. Qc3
$14 {Buturin,V-Voloshin,L/Frydek Mistek op/1996/}) 12. e4 Ne7 13. Nd2 $1 $14 {
An interesting novelty.Karpov moves his N to b3, where it checks the c5 breaks
and also possibly aims for the a5 outpost.} (13. Qc2 h6 14. h3 Bd7 15. Be3 Bc6
16. Nh2 Ba8 17. Rbd1 Qd7 18. Qd2 Kh7 19. Nf1 Nfg8 20. g4 f5 21. f3 g5 22. Bf2
Ng6 23. Ne3 N8e7 24. Bf1 fxe4 25. fxe4 Nh4 26. Bxh4 gxh4 27. Ng2 Ng6 28. Re3
Bf6 29. Qe2 Bg5 $40 {Litinskaya,M-Zielinska,M/POL-chT/1996/}) 13... c5 $6 {
A nervous reaction, the pawn sacrifice is unsound.} (13... Nd7 14. Nb3 c6 $142
$5 (14... c5 15. bxc5 dxc5 16. Bf4 cxd4 (16... Rb6 17. dxc5 Bxc3 18. cxb6 Bxe1
19. Bc7 $1 Bxf2+ 20. Kxf2 Qe8 21. Na5 $18) (16... Rb7 17. e5 $18) (16... e5 {
Huzman} 17. dxe5 c4 18. Nd4 Nxe5 19. Ncxb5 Ra8 20. Bxe5 $5 Bxe5 21. Re2 {
[%cal Yf2f4,Ye4e5]}) (16... Ra8 17. e5 $16) 17. Bxb8 dxc3 18. Bd6 $16) 15. Bf4
(15. Be3 Nb6 $132) (15. Na5 $2 c5 $1 $36) 15... e5 (15... Nb6 $5) 16. dxe5 Nxe5
17. Na5 $14) 14. bxc5 dxc5 15. dxc5 Nd7 (15... b4 16. Na4 $16 {[%cal Ra2a3,
Yd2c4,Ya4b6] /\a3,Nc4,Nb6}) 16. Nxb5 (16. Qc2 {Huzman} Qa5 (16... Nxc5 17. Nxb5
Nd3 18. Rd1 Nxc1 19. Nc4 Bd7 20. Qxc1 $16) 17. Ne2 (17. Bb2 Nxc5 18. Nd5 Nxd5 (
18... exd5 19. Bxg7 Kxg7 20. Qxc5 Qxd2 21. Qxe7 $16 {[%cal Ye7e5,Ye4d5]}) 19.
Bxg7 Kxg7 20. exd5 $14) 17... Nc6 (17... Ra8 18. Bb2 $16) 18. Rd1 (18. a3 b4
$132) 18... Nb4 19. Qb3 Nxa2 $13 (19... Nc6 $5)) 16... Nxc5 17. Nc4 (17. Ba3 $1
{Huzman} Nd3 18. Re3 Ba6 19. Nc4 Bxb5 20. Rxd3 Qc7 21. Rc1 $16) 17... Nd3 (
17... Ba6 $5 18. Ncd6 (18. Ba3 Rxb5 19. Rxb5 Bxb5 20. Bxc5 Bxc4 21. Qxd8 Rxd8
22. Bxe7 Rd2 23. Rc1 Ba6 $44) 18... Qa5 (18... Bxb5 {Huzman} 19. Nxb5 Nd3 20.
Re2 Nxc1 21. Qxc1 Qa5 22. Nd6 Rxb1 23. Qxb1 Nc6 $14) 19. Qd2 $1 $16 (19. Be3 $2
Bxb5 20. Bxc5 Ba4 $1)) 18. Re2 (18. Re3 $6 {Huzman} Nxc1 19. Qxc1 Ba6 20. a4
Qd7 $132 {[%cal Gf8c8]}) 18... Ba6 19. a4 Nxc1 20. Qxc1 Rc8 $6 (20... Nc6 $142
$5 {securing a square for Black's Q on e7.} 21. e5 $36) 21. Rc2 $16 {Stopping
Black's play. White is a sound pawn up and has total control of the Q-side.
Black is probably lost anyway, but Shirov falls to pieces very fast.} Bxb5 (
21... Rc5 22. Qa3 $1 $18 {[%csl Rd8] ףd8}) (21... Qd3 22. Bf1 Qxe4 23. Nbd6
$16) (21... Bd4 $5 22. e5 $16) (21... Nc6 {Huzman} 22. Ncd6 $18) 22. axb5 Qd4
23. b6 Rb8 24. Rd2 Qc5 25. Rd7 $1 $18 {[%cal Rd7c7] /\Rc7} Bd4 $2 {[%cal Rd7c7]
A tactical oversight, but Black's fate is sealed anyway.} (25... Rfc8 26. b7 (
26. Bf1 $18 {[%cal Yc1f4] Huzman}) 26... Rc6 (26... Rc7 27. Qf4 $1 e5 28. Qd2
$18) 27. Qd2 $1 $18) (25... Nc6 26. Rc7 {[%cal Re4e5] /\e5+-}) 26. Rc7 Bxf2+ (
26... Nc6 {Huzman} 27. e5 $1 $18) 27. Kh1 Qh5 28. Rxe7 Bxg3 29. h3 Rbd8 30. e5
Qh4 (30... Bxe5 31. Nxe5 Qxe5 32. b7 $18 {[%csl Gb7] o^b}) 31. Rc7 Bf2 32. Qa3
{[%cal Ra3f3,Rb1f1] /\Qf3,Rf1->} 1-0